000
00326nam a2200145Ia 4500
003
OSt
008
191201s1998 xx 000 0 und d
082
_a
651.3
_b
SHO
100
_a
SHARMA,R.K.
245
0
_a
Office Management
260
_a
New Delhi
_b
Kalyani pub
_c
1998
300
_a
443
650
_a
B.Tech(CSE)
942
_2
ddc
_c
BK
999
_c
385
_d
385